Consequences - Camila Cabello - All Lyrics - Statistics

General Stats
  • This quiz has been taken 41 times
  • The average score is 156 of 194
Answer Stats
Answer % Correct
a
100%
A
100%
mm
100%
ooh-ooh
100%
ooh-ooh-ooh
100%
ooh-ooh-ooh,
100%
and
96%
And
96%
But
96%
but
96%
had
96%
I
96%
in
96%
my
96%
so
96%
the
96%
to
96%
To
96%
was
96%
consequences
92%
Loving
92%
loving
92%
you
92%
you...
92%
didn't
88%
Little
88%
little
88%
on
88%
sunshine,
88%
sweet
88%
weight
88%
All
83%
because
83%
bed
83%
Dirty
83%
down
83%
eating
83%
Hey,
83%
place
83%
wasn't
83%
yeah,
83%
Yeah,
83%
defenses
79%
fix
79%
head
79%
issues
79%
it
79%
let
79%
Lost
79%
lost
79%
more
79%
safe
79%
sound
79%
then
79%
they
79%
tissues,
79%
trust
79%
voices
79%
wild,
79%
young,
79%
bleeding
75%
free
75%
Lonely
75%
much
75%
stop
75%
tell
75%
truth
75%
Glasses
71%
Secret
71%
senses
71%
stranger's
71%
than
71%
that
71%
me
67%
sink,
67%
steady
67%
cool,
63%
keeping,
63%
poured
63%
hot,
58%
listen
58%
pillows
58%
take
58%
can't
54%
dumb,
54%
No,
54%
no,
54%
still
54%
songs
50%
at
46%
awkward
46%
'Cause
46%
cheap
46%
conversation
46%
for
46%
I'm
46%
shots
46%
Every
42%
expectation
42%
Hesitation,
42%
low
42%
Running
42%
dark,
38%
will
33%
paying
29%
ignoring
25%
Said,
25%
siren
25%
Found
8%
No matching quizzes found
Score Distribution
Percent of People with Each Score
Percentile by Number Answered
Your Score History
You have not taken this quiz